[Event "Let's Play Chess!"]
[Site "http://www.queenalice.com/game.php?id=1475581"]
[Date "2017.4.28"]
[Round "-"]
[White "BushidoZin"]
[Black "ketchuplover"]
[Result "0-1"]
[WhiteElo "1100"]
[BlackElo "1688"]

1. a4 e5 2. b3 d5 3. Ra2 a5 4. g3 b6 5. Bg2 Bb7 6. c4 c6 7. Bb2 Qf6 8. h4 Bc5 9.
e3 d4 10. Qf3 dxe3 11. dxe3 Ne7 12. Nh3 Qxf3 13. Bxf3 Bb4+ 14. Bc3 Bxc3+ 15. Nd2
Na6 16. O-O Nb4 17. Ra3 Bxd2 18. Ng5 O-O 19. Be4 f5 20. Bf3 h6 21. Raa1 hxg5 22.
Rad1 g4 23. Bg2 Rfd8 24. Rb1 Rab8 25. Rbd1 c5 26. Bxb7 Rxb7 27. f4 Bxe3+ 28. Kh1
Rbd7 29. fxe5 Rxd1 30. Rxd1 Rxd1+ 31. Kg2 Rg1+ 0-1

[Event "Challenge"]
[Site "http://www.queenalice.com/game.php?id=1475596"]
[Date "2017.4.28"]
[Round "-"]
[White "eduardocosta"]
[Black "BushidoZin"]
[Result "1-0"]
[WhiteElo "1752"]
[BlackElo "1100"]

1. e3 a5 2. b3 g6 3. Bb2 f6 4. c4 b6 5. Be2 Bb7 6. Bf3 c6 7. d4 Na6 8. Nd2 Nb4
9. Be2 c5 10. dxc5 bxc5 11. Bf3 Qc8 12. Bxb7 Qxb7 13. Ngf3 f5 14. O-O Nf6 15.
Bxf6 exf6 16. Nb1 f4 17. exf4 Qc6 18. Nbd2 Nd3 19. Qe2+ Qe6 20. Qxd3 Bd6 21.
Rfe1 O-O 22. Rxe6 dxe6 23. Qxd6 Rfd8 24. Qxe6+ Kf8 25. Qxf6+ Ke8 26. Re1+ Kd7
27. Qg7+ Kc8 28. Ne4 Rd7 29. Qf8+ Kb7 30. Nxc5+ Ka7 31. Nxd7 1-0

[Event "Challenge"]
[Site "http://www.queenalice.com/game.php?id=1476615"]
[Date "2017.5.4"]
[Round "-"]
[White "eduardocosta"]
[Black "BushidoZin"]
[Result "0-1"]
[WhiteElo "1744"]
[BlackElo "1100"]

1. c3 d6 2. Qb3 Bf5 3. Qb5+ c6 4. Qxb7 Nd7 5. Qb4 c5 6. Qf4 g6 7. Nf3 Bxb1 8.
Rxb1 Bh6 9. Qe4 Rb8 10. d3 e6 11. Bxh6 Nxh6 12. d4 d5 13. Qd3 c4 14. Qd2 Qf6 15.
Qc2 O-O 16. e3 a5 17. b4 Qf5 18. Qc1 axb4 19. Rxb4 Nb6 20. Qb2 Na4 21. Qc2 Qxc2
22. Nd2 Nxc3 23. Rxb8 Qd1# 0-1

[Event "Challenge"]
[Site "http://www.queenalice.com/game.php?id=1482768"]
[Date "2017.6.18"]
[Round "-"]
[White "eduardocosta"]
[Black "BushidoZin"]
[Result "1-0"]
[WhiteElo "1764"]
[BlackElo "1100"]

1. e3 e6 2. c3 Qf6 3. Nf3 Kd8 4. d4 d5 5. Be2 Nc6 6. Nbd2 b6 7. Qc2 g5 8. c4 Nb4
9. Qb3 a6 10. a3 dxc4 11. Nxc4 b5 12. Nce5 Qf5 13. axb4 Ne7 14. O-O Rb8 15. Bd3
Qf6 16. Be4 Bb7 17. Bxb7 Rxb7 18. Rxa6 Nd5 19. Ra8+ Ke7 20. Nc6+ 1-0

[Event "Challenge"]
[Site "http://www.queenalice.com/game.php?id=1509155"]
[Date "2017.12.23"]
[Round "-"]
[White "eduardocosta"]
[Black "BushidoZin"]
[Result "1-0"]
[WhiteElo "1734"]
[BlackElo "1117"]

1. e3 c6 2. Be2 Nf6 3. Bf3 g6 4. b3 Bg7 5. Bb2 d5 6. c4 b5 7. cxd5 Bb7 8. dxc6
Nxc6 9. Qc2 Qa5 10. Bc3 Qb6 11. Ne2 Rc8 12. Bd4 Qa5 13. Bc3 Nb4 14. Qd1 Bc6 15.
Bxc6+ Rxc6 16. O-O e5 17. a3 Bf8 18. axb4 Qb6 19. Bxe5 Bg7 20. Nd4 Rc7 21. Bxc7
Qxc7 22. Nxb5 Qe7 23. N1c3 Qxb4 24. Rxa7 Qf8 25. Ra8+ Ke7 26. Rxf8 Bxf8 27. Nd4
Bh6 28. b4 Rd8 29. Nc6+ Ke8 30. Nxd8 Bf8 31. Nc6 Kd7 32. Ne5+ Ke7 33. b5 h5 34.
b6 g5 35. b7 Ke6 36. b8=Q Bd6 37. Qbb3+ Kf5 38. Nxf7 Ng4 39. Nxd6+ Ke5 40. Qd5+
Kf6 41. Nce4+ Kg7 42. Qxg5+ Kh7 43. Qxh5+ Kg8 44. Qdxg4+ Kf8 45. Qgf5+ Ke7 46.
Qhf7+ Kd8 47. Q5d7# 1-0

[Event "Challenge"]
[Site "http://www.queenalice.com/game.php?id=1509458"]
[Date "2017.12.26"]
[Round "-"]
[White "DougChess1"]
[Black "BushidoZin"]
[Result "0-1"]
[WhiteElo "1096"]
[BlackElo "1094"]

1. e4 c5 2. Nc3 Nf6 3. Nf3 Qc7 4. Bc4 e6 5. d4 Nc6 6. O-O Qb6 7. Na4 Qb4 8. b3
Nxe4 9. Qd3 f5 10. Bf4 cxd4 0-1

[Event "Challenge"]
[Site "http://www.queenalice.com/game.php?id=1538579"]
[Date "2018.8.11"]
[Round "-"]
[White "eduardocosta"]
[Black "BushidoZin"]
[Result "1-0"]
[WhiteElo "1677"]
[BlackElo "1117"]

1. e3 b6 2. Qf3 Nc6 3. Nh3 Bb7 4. Qe2 e6 5. Nf4 Nf6 6. d3 h5 7. b3 Bd6 8. Bb2
Be5 9. Bxe5 Nxe5 10. d4 Neg4 11. c4 Qe7 12. Nc3 Qb4 13. Qd2 Ne4 14. Nxe4 Qa5 15.
Qxa5 bxa5 16. Nc3 O-O-O 17. Nb5 c6 18. Nd6+ Kc7 19. Nxf7 Rhe8 20. Nxd8 Kxd8 21.
Nxh5 1-0

[Event "Challenge"]
[Site "http://www.queenalice.com/game.php?id=1538580"]
[Date "2018.8.11"]
[Round "-"]
[White "eduardocosta"]
[Black "BushidoZin"]
[Result "1-0"]
[WhiteElo "1679"]
[BlackElo "1117"]

1. e3 Nf6 2. b3 e5 3. Bb2 d6 4. Bb5+ c6 5. Be2 b6 6. d4 Nd5 7. dxe5 f6 8. exf6
gxf6 9. Nf3 Rg8 10. Bf1 Bg7 11. Bd3 Rh8 12. c4 Nb4 13. a3 N4a6 14. Nbd2 Bh6 15.
Ne4 Bf8 16. Bxf6 Be7 17. Bxh8 Nd7 18. Nd4 Ndb8 19. Nf3 Nc5 20. Nxc5 1-0